Faktory kvality destinace z pohledu poskytovatelů služeb

Význam faktorov kvality destinácie z hľadiska poskytovateľa a porovnanie s hodnotami uvedenými návštevníkmi destinácie. Vnímanie možných rozdielov v kvalite destinácie poskytovateľov rôznych služieb cestovného ruchu.

Salvato in:
Dettagli Bibliografici
Autore principale: Stojarová, Šárka
Altri autori: Ryglová, Kateřina, Rašovská, Ida, Králiková, Andrea
Natura: Capitolo di libro
Lingua:ceco
Soggetti:
Tags: Aggiungi Tag
Nessun Tag, puoi essere il primo ad aggiungerne!!

MARC

LEADER 00000naa a2200000 4500
001 0237027
005 20241024130125.3
041 0 |a cze 
044 |a CZ 
245 1 0 |a Faktory kvality destinace z pohledu poskytovatelů služeb  |c Šárka Stojarová, Kateřina Ryglová, Ida Rašovská, Andrea Králiková 
520 |a Význam faktorov kvality destinácie z hľadiska poskytovateľa a porovnanie s hodnotami uvedenými návštevníkmi destinácie. Vnímanie možných rozdielov v kvalite destinácie poskytovateľov rôznych služieb cestovného ruchu. 
610 2 0 |a kvalita služieb 
610 2 0 |a manažment destinačný 
610 2 0 |a ruch cestovný 
610 2 0 |a Česko 
100 1 |a Stojarová, Šárka 
700 1 |a Ryglová, Kateřina 
700 1 |a Rašovská, Ida 
700 1 |a Králiková, Andrea